000 00724nam a2200289Ia 4500
005 20260324121951.0
008 008 260324s9999 xx 000 0 eng d
020 _a9780203758380
037 _aEBOOK
040 _aCRL
040 _beng
040 _cCRL
041 _2eng
041 _aeng
084 _qCRL
100 _aKatherine Tate; James Lance Taylor; Mark Q. Sawyer
_91164584
245 0 _aSomething's in the Air
245 0 _bRace, Crime, and the Legalization of Marijuana
260 _bTaylor and Francis
260 _c2013
365 _a
365 _b230
856 _uhttp://www.taylorfrancis.com/books/9780203758380
942 _cEBOOK
999 _c1756994
_d1756994